000 00653nam a2200145Ia 4500
008 090124s9999 xx 000 0 und d
082 _b133891
_a103364
245 _a रशिया : नव्या दिशांचे आमंत्रण ( लेखसंग्रह )
250 _a1
260 _bमुळे ज्ञानेश्र्वर
_c2006
300 _a380
630 _a रशिया : नव्या दिशांचे आमंत्रण ( लेखसंग्रह )
730 _a रशिया : नव्या दिशांचे आमंत्रण ( लेखसंग्रह )
942 _cBOOK
999 _c180202
_d180202